Подробности
| 000 -МАРКЕР |
| контрольное поле |
01704nam0a2200385 4500 |
| 001 - ИДЕНТИФИКАТОР ЗАПИСИ |
| контрольное поле |
RU\NLR\BIBL_A\011539971 |
| 005 - ИДЕНТИФИКАТОР ВЕРСИИ |
| контрольное поле |
20260406084030.0 |
| 010 ## - МЕЖДУНАРОДНЫЙ СТАНДАРТНЫЙ НОМЕР КНИГИ (ISBN) |
| Номер (ISBN) |
978-5-699-95879-5 |
| Тираж |
3000 |
| 021 ## - НОМЕР ГОСУДАРСТВЕННОЙ РЕГИСТРАЦИИ |
| Код страны |
российская федерация |
| Номер |
2017-83617 |
| Номер Листа государственной регистраци |
5967 |
| 035 ## - ДРУГИЕ СИСТЕМНЫЕ НОМЕРА |
| Идентификатор записи |
(RuMoRGB)009442992 |
| 035 ## - ДРУГИЕ СИСТЕМНЫЕ НОМЕРА |
| Идентификатор записи |
(NLR Aleph) 011539971 |
| 100 ## - ДАННЫЕ ОБЩЕЙ ОБРАБОТКИ |
| Данные общей обработки |
20171127d2018 |||y0rusy50 ca |
| 101 0# - ЯЗЫК РЕСУРСА |
| Язык текста, звукозаписи и т.д. |
английский |
| 102 ## - СТРАНА ПУБЛИКАЦИИ ИЛИ ПРОИЗВОДСТВА |
| Страна публикации |
российская федерация |
| 105 ## - ПОЛЕ КОДИРОВАННЫХ ДАННЫХ: ТЕКСТОВЫЕ МАТЕРИАЛЫ, МОНОГРАФИЧЕСКИЕ |
| Кодированные данные о монографическом текстовом документе |
a z 000ay |
| 200 1# - ЗАГЛАВИЕ И СВЕДЕНИЯ ОБ ОТВЕТСТВЕННОСТИ |
| Основное заглавие |
Alice's adventures in Wonderland |
| -- |
Through the looking-glass |
| Первые сведения об ответственности |
Lewis Carroll |
| Последующие сведения об ответственности |
[иллюстрации Джона Тенниела и др.] |
| 210 ## - ПУБЛИКАЦИЯ, РАСПРОСТРАНЕНИЕ И ДР. |
| Место издания, распространения и т.д. |
Москва |
| Имя издателя, распространителя и т. д. |
Эксмо |
| Дата издания, распространения и т.д. |
2018 [т.е. 2017] |
| 215 ## - ФИЗИЧЕСКАЯ ХАРАКТЕРИСТИКА |
| Специфическое обозначение материала и объем |
268, [2] с., [8] л. цв. ил. |
| Другие сведения о физической характеристике |
ил. |
| Размеры |
24 |
| 225 1# - СЕРИЯ |
| Основное заглавие серии |
Читаю иллюстрированную классику в оригинале |
| 300 ## - ОБЩИЕ ПРИМЕЧАНИЯ |
| Текст примечания |
В вып. дан.: Алиса в Стране чудес. Алиса в Зазеркалье / Льюис Кэрролл |
| 300 ## - ОБЩИЕ ПРИМЕЧАНИЯ |
| Текст примечания |
Кн. фактически изд. в 2017 г. |
| 333 ## - ПРИМЕЧАНИЯ ОБ ОСОБЕННОСТЯХ РАСПРОСТРАНЕНИЯ И ИСПОЛЬЗОВАНИЯ |
| Текст примечания |
12+ |
| 517 1# - ДРУГИЕ ВАРИАНТЫ ЗАГЛАВИЯ |
| Вариант заглавия |
Алиса в Стране чудес. Алиса в Зазеркалье |
| 541 1# - ПЕРЕВОД ЗАГЛАВИЯ, СДЕЛАННЫЙ КАТАЛОГИЗАТОРОМ |
| Заглавие |
Алиса в Стране чудес. Алиса в Зазеркалье |
| Язык заглавия |
русский |
| 606 1# - НАИМЕНОВАНИЕ ТЕМЫ КАК ПРЕДМЕТ |
| Наименование темы |
Английский язык |
| Формальный подзаголовок |
Книги для чтения |
| Системный номер авторитетной/нормативной записи |
972309 |
| Идентификатор авторитетной/нормативной записи |
RU\NLR\AUTH\6646032 |
| 686 ## - ИНДЕКСЫ ДРУГИХ КЛАССИФИКАЦИЙ |
| Индекс |
Ш9(2)72(4Вл) |
| Код системы |
|
| 686 ## - ИНДЕКСЫ ДРУГИХ КЛАССИФИКАЦИЙ |
| Индекс |
Ш143.21-947 |
| Код системы |
|
| 686 1# - ИНДЕКСЫ ДРУГИХ КЛАССИФИКАЦИЙ |
| Индекс |
Ш143.21-93рус91 |
| 700 #1 - ИМЯ ЛИЦА - ПЕРВИЧНАЯ ОТВЕТСТВЕННОСТЬ |
| Графика поля |
Латинская |
| Материалы, к которым относится поле |
eng |
| Начальный элемент ввода |
Carroll |
| Часть имени, кроме начального элемента ввода |
L. |
| Даты |
1832-1898 |
| Расширение инициалов личного имени |
Lewis |
| Идентификатор авторитетной/нормативной записи |
RU\NLR\AUTH\7751710 |
| Системный номер авторитетной/нормативной записи |
34643 |
| 702 #1 - ИМЯ ЛИЦА - ВТОРИЧНАЯ ОТВЕТСТВЕННОСТЬ |
| Код отношения |
Иллюстратор |
| Графика поля |
Латинская |
| Материалы, к которым относится поле |
eng |
| Начальный элемент ввода |
Tenniel |
| Часть имени, кроме начального элемента ввода |
J. |
| Дополнения к именам, кроме дат |
художник |
| Даты |
1820-1914 |
| Расширение инициалов личного имени |
John |
| Идентификатор авторитетной/нормативной записи |
RU\NLR\AUTH\770183314 |
| Системный номер авторитетной/нормативной записи |
183263 |
| 942 ## - ДОПОЛНИТЕЛЬНЫЕ ЭЛЕМЕНТЫ ЗАПИСИ (АБИС) |
| Тип экземпляра АБИС |
Книга |
| 980 ## - КОЛЛЕКЦИЯ |
| Название коллекции |
Национальная библиография |